Третья волна: антология русского зарубежья: сборник; Не обращайте внимания, маэстро!; Сто восмая улица;. Девушка из хорошей семьи; После караблекрушения; Косынка в белый горошек; Егорий; "Запорожец" на мокром шоссе; Отражение; Гарнизон у западных границ; Иоганн Гутенберг и другие; Кристина; Падение Мишеля Бертье; Просто рассказ; Киевский вокзал; Досада; Крушение мифа; Сказки о трех головах; Случай с аксютиным; Сновидение; Вовращение; Недоразумение; Происшествие; Тревожная куколка; Васильковое поле; Дикарь; Крысы; Мы и они; Человек-это звучит; Шпион никодимов; Сон; Вражья сила; Арифметика; Песня о Рае; Человек из ВОХР; С кошелочкой; Зерно; Тянитолкай; Рассказ с продолжением; Чувство России
| Andere auteurs: | |
|---|---|
| Taal: | Russisch |
| Gepubliceerd in: |
Москва, Московский рабочий, 1991
|
| TOC: | Г. Н. Владимов, Не обращайте внимания, маэстро!; С. Д. Довлатов, Сто восмая улица;. Девушка из хорошей семьи; После караблекрушения; Ф. Берман, Косынка в белый горошек; В. Матлин, Егорий; А. Т. Гладилин, "Запорожец" на мокром шоссе; Ю. В. Мамлеев, Отражение; С. Юрьенен, Гарнизон у западных границ; К. Косцинский, Иоганн Гутенберг и другие; О. Кустарев, Кристина; Э. Лимонов, Падение Мишеля Бертье; Ю. Гальперин, Просто рассказ; И. Ратушинская, Киевский вокзал; Досада; Крушение мифа; Сказки о трех головах; Случай с аксютиным; Сновидение; Вовращение; Недоразумение; Происшествие; С. Соколов, Тревожная куколка; Л. Штерн, Васильковое поле; Г. Покрасс, Дикарь; Крысы; Мы и они; Человек-это звучит; И. Суслов, Шпион никодимов; А. Журжин, Сон; А. Шепшевкер, Вражья сила; Е. Любин, Арифметика; А. Шаргородский, Песня о Рае; А. Львов, Человек из ВОХР; Ф. Горенштейн, С кошелочкой; В. Рыбаков, Зерно; В. Марамзин, Тянитолкай; Рассказ с продолжением; В. П. Аксенов, Чувство России; |
| Onderwerpen: | |
| Formaat: | MixedMaterials Boek |
| KOHA link: | https://koha.lib.tpu.ru/cgi-bin/koha/opac-detail.pl?biblionumber=121411 |
MARC
| LEADER | 00000nam0a2200000 4500 | ||
|---|---|---|---|
| 001 | 121411 | ||
| 005 | 20231031125405.0 | ||
| 010 | |a 5239012598 | ||
| 035 | |a (RuTPU)RU\TPU\book\131489 | ||
| 090 | |a 121411 | ||
| 100 | |a 20070913d1991 m y0rusy50 ca | ||
| 101 | 0 | |a rus | |
| 102 | |a RU | ||
| 105 | |a y z 000ay | ||
| 200 | 1 | |a Третья волна: антология русского зарубежья |e сборник |f сост. А. Геребен | |
| 210 | |a Москва |c Московский рабочий |d 1991 | ||
| 215 | |a 381 с. | ||
| 464 | |t Не обращайте внимания, маэстро! |f Г. Н. Владимов | ||
| 464 | |t Сто восмая улица;. Девушка из хорошей семьи; После караблекрушения |f С. Д. Довлатов | ||
| 464 | |t Косынка в белый горошек |f Ф. Берман | ||
| 464 | |t Егорий |f В. Матлин | ||
| 464 | |t "Запорожец" на мокром шоссе |f А. Т. Гладилин | ||
| 464 | |t Отражение |f Ю. В. Мамлеев | ||
| 464 | |t Гарнизон у западных границ |f С. Юрьенен | ||
| 464 | |t Иоганн Гутенберг и другие |f К. Косцинский | ||
| 464 | |t Кристина |f О. Кустарев | ||
| 464 | |t Падение Мишеля Бертье |f Э. Лимонов | ||
| 464 | |t Просто рассказ |f Ю. Гальперин | ||
| 464 | |t Киевский вокзал; Досада; Крушение мифа; Сказки о трех головах; Случай с аксютиным; Сновидение; Вовращение; Недоразумение; Происшествие |f И. Ратушинская | ||
| 464 | |t Тревожная куколка |f С. Соколов | ||
| 464 | |t Васильковое поле |f Л. Штерн | ||
| 464 | |t Дикарь; Крысы; Мы и они; Человек-это звучит |f Г. Покрасс | ||
| 464 | |t Шпион никодимов |f И. Суслов | ||
| 464 | |t Сон |f А. Журжин | ||
| 464 | |t Вражья сила |f А. Шепшевкер | ||
| 464 | |t Арифметика |f Е. Любин | ||
| 464 | |t Песня о Рае |f А. Шаргородский | ||
| 464 | |t Человек из ВОХР |f А. Львов | ||
| 464 | |t С кошелочкой |f Ф. Горенштейн | ||
| 464 | |t Зерно |f В. Рыбаков | ||
| 464 | |t Тянитолкай; Рассказ с продолжением |f В. Марамзин | ||
| 464 | |t Чувство России |f В. П. Аксенов | ||
| 610 | 1 | |a художественная литература | |
| 610 | 1 | |a антология | |
| 610 | 1 | |a сборники | |
| 610 | 1 | |a русское зарубежье | |
| 675 | |a Р1 |v 3 | ||
| 702 | 1 | |a Геребен |b А. |g Агнеш |4 220 | |
| 801 | 1 | |a RU |b 63413507 |c 20070913 |g PSBO | |
| 801 | 2 | |a RU |b 63413507 |c 20190205 |g RCR | |
| 942 | |c BK | ||